Land vs. Land #176 - Statistiken

Allgemein
  • Dieses Quiz wurde 24 mal gespielt
  • Das Durchschnittsergebnis liegt bei 8 aus 14
Antwortstatistiken
Frage Antwort % Korrekt
...Fläche? USA🇺🇸
100%
...Einwohner? USA🇺🇸
100%
...Bruttoinlandsprodukt? USA🇺🇸
100%
...Militär? USA🇺🇸
91%
...Frieden? USA🇺🇸
73%
...durchschnittlicher IQ? Israel🇮🇱
64%
...Bruttoinlandsprodukt pro Kopf? USA🇺🇸
59%
...Gesundheitswesen? Israel🇮🇱
55%
...Lebenserwartung? Israel🇮🇱
45%
...Happy Planet Index? Israel🇮🇱
36%
...HDI (Human Development Index)? Israel🇮🇱
23%
...Sicherheit? Israel🇮🇱
18%
...wissenschaftlicher Fortschritt? Israel🇮🇱
18%
...Gewinner? Israel🇮🇱
18%
Keine übereinstimmenden Quizze gefunden
Verteilung der Resultate
Anzahl Personen mit jedem Resultat
Perzentil nach korrekt beantworteten Fragen
Ihre Resultats-Entwicklung
Sie haben dieses Quiz noch nicht gespielt